Slovo o knige : aforizmy, izrechenii︠a︡, literaturnye tsitaty /

Bibliographic Details
Other Authors: Likhtenshteĭn, E. S. (Efim Semenovich)
Format: Book
Language:Russian
Published: Moskva : Kniga, 1981.
Edition:Izd. 3e, dop.
Subjects:

MARC

Tag First Indicator Second Indicator Subfields
LEADER 00000cam a2200000Ia 4500
001 in00001815674
005 20151025202537.0
008 841226s1981 ru 001 0 rusod
035 |a (OCoLC)ocm11526305 
040 |a CUY  |c CUY  |d TXA  |d UtOrBLW 
049 |a TXAM 
090 |a Z4.Z9  |b S55 1981 
245 0 0 |a Slovo o knige :  |b aforizmy, izrechenii︠a︡, literaturnye tsitaty /  |c sost., avtor predisl. i vvedeniĭ k glavam E.S. Likhtenshteĭn. 
250 |a Izd. 3e, dop. 
264 1 |a Moskva :  |b Kniga,  |c 1981. 
300 |a 316 pages ;  |c 21 cm. 
336 |a text  |b txt  |2 rdacontent 
337 |a unmediated  |b n  |2 rdamedia 
338 |a volume  |b nc  |2 rdacarrier 
500 |a Includes index. 
650 0 |a Books  |x Quotations, maxims, etc. 
700 1 |a Likhtenshteĭn, E. S.  |q (Efim Semenovich) 
948 |a cataloged  |b h  |c 2004/1/23  |d c  |e tchubaryan  |f 12:54:37 pm 
994 |a E0  |b TXA 
999 |a MARS 
999 f f |s bf49e118-1d5b-35d3-8ed7-eb8c62cad84c  |i 74cea243-3cce-3292-b782-92ed3a36f284  |t 0 
952 f f |p ric  |a Texas A&M University  |b Rellis Campus  |c Joint Library Facility  |d Remote Storage  |t 0  |e Z4.Z9 S55 1981  |h Library of Congress classification  |i unmediated -- volume  |m A14831231699 
998 f f |a Z4.Z9 S55 1981  |t 0  |l Remote Storage